书目信息 |
| 题名: |
亲情之歌
|
|
| 作者: | 舒乙 文 ;左川 画 | |
| 分册: | ||
| 出版信息: | 北京 西苑出版社 2013 |
|
| 页数: | 216页 | |
| 开本: | 21cm | |
| 丛书名: | 中国当代名人语画书系 | |
| 单 册: | ||
| 中图分类: | I627 , I267 , J228.2 | |
| 科图分类: | ||
| 主题词: | 散文--中国--现代--选集 , 漫画--中国--现代--画册 , 散文 , 漫画 | |
| 电子资源: | ||
| ISBN: | 978-7-80108-401-9 | |
| 000 | 00953oam2 2200325 450 | |
| 001 | 338991 | |
| 005 | 20150604151146.56 | |
| 010 | @a978-7-80108-401-9@dCNY27.80 | |
| 100 | @a20010429d2000 em y0chiy0110 ea | |
| 101 | 0 | @achi |
| 102 | @aCN@b110000 | |
| 105 | @aa t 000cy | |
| 106 | @ar | |
| 200 | 1 | @a亲情之歌@Aqin qing zhi ge@f舒乙文@g左川画 |
| 210 | @a北京@c西苑出版社@d2013 | |
| 215 | @a216页@d21cm | |
| 225 | 2 | @a中国当代名人语画书系 |
| 330 | @a本书收录了《父子情》、《和爸爸过》、《没有消失的记忆》、《老舍住过的地方》、《父亲最后的两天》等15篇散文, 并且每篇配以形象的漫画。 | |
| 410 | 0 | @12001 @a中国当代名人语画书系 |
| 606 | 0 | @a散文@y中国@z现代@j选集 |
| 606 | 0 | @a漫画@y中国@z现代@j画册 |
| 606 | 0 | @a散文 |
| 606 | 0 | @a漫画 |
| 690 | @aI627@v3 | |
| 690 | @aI267@v5 | |
| 690 | @aJ228.2@v5 | |
| 701 | 0 | @a舒乙@Ashu yi@4文 |
| 702 | 0 | @a左川@Azuo chuan@4画 |
| 801 | 0 | @aCN@b卓展宏图@c20150525 |
| 905 | @dI267@e1640@f5 | |
| 亲情之歌/舒乙文/左川画.-北京:西苑出版社,2013 |
| 216页;21cm.-(中国当代名人语画书系) |
| ISBN 978-7-80108-401-9:CNY27.80 |
| 本书收录了《父子情》、《和爸爸过》、《没有消失的记忆》、《老舍住过的地方》、《父亲最后的两天》等15篇散文, 并且每篇配以形象的漫画。 |
| ● |
| 相关链接 |
|
|
|
|
正题名:亲情之歌
索取号:I267/1640
 
预约/预借
| 序号 | 登录号 | 条形码 | 馆藏地/架位号 | 状态 | 备注 |
| 1 | 858826 | 208588269 | 第一样本阅览室/ [索取号:I267/1640] | 在馆 | |
| 2 | 858827 | 208588278 | 第二借阅区/ [索取号:I267/1640] | 在馆 | |
| 3 | 858828 | 208588287 | 教育系资料室/ [索取号:I267/1640] | 在馆 | |
| 4 | 858829 | 208588296 | 第二借阅区/ [索取号:I267/1640] | 在馆 | |
| 5 | 858830 | 208588303 | 第二借阅区/ [索取号:I267/1640] | 在馆 |